000 00588nam a2200193Ii 4500
003 JO-AjNU
008 230605s9999||||xx |||||||||||||| ||und||
040 _aJO-AjNU
_bara
_erda
_cJO-AjNU
041 _aara
050 1 4 _aPJ7852..A54.A15 1967
100 3 _aتأليف محفوظ، نجيب,
_eauthor
_940125
245 0 0 _aتحت المظله
264 3 1 _aالقاهرة:مكتبة مصر،1967
300 _a321ص
336 _atext
_btxt
_2rdacontent
337 _aunmediated
_bn
_2rdamedia
338 _avolume
_bnc
_2rdacarrier
650 4 _aالأدب العربي - قصص
_940126
999 _aA17002
_c20570
_d20570